[Event "Elitserien Allsvenskan 2017-18"]
[Site "Lund"]
[Date "2017.10.21"]
[Round "2"]
[White "Westerberg, Jonathan"]
[Black "Carlsson, Pontus"]
[Result "0-1"]
[WhiteElo "2500"]
[BlackElo "2449"]
[Annotator "TA"]
[PlyCount "162"]
[EventDate "2017.??.??"]
[EventCountry "SWE"]
[SourceTitle "playchess.com"]
[Source "ChessBase"]
[SourceQuality "1"]

{[%evp 24,162,11,0,49,50,57,1,8,14,9,9,47,0,19,-12,0,-14,16,0,62,19,47,27,74,0,37,23,36,35,33,34,37,-32,-12,-20,-14,-54,-60,-206,-196,-216,-146,-131,-39,-138,-132,-135,-114,-128,-147,-160,-133,-192,-189,-165,-167,-183,-152,-202,-196,-227,-228,-231,-229,-274,-275,-354,-354,-354,-354,-340,-343,-354,-354,-350,-288,-370,-361,-402,-390,-738,-869,-837,-835,-1046,0,-147,0,-622,-612,-1356,-1323,-3052,-4137,-4133,-1215,-29950,-29947,-29954,-29961,-29951,-4137,-620,0,-29944,-9803,-4829,-755,-4137,-4137,-1640,-9022,-7206,-8606,-29969,-29971,-29971,-29972,-29973,-29974,-29972,-29973,-29973,-29974,-29974,-29975,-29976,-29978,-29978,-29979,-29984,-29980,-29980,0,-29984,-29981,-29982,-29983,-29983,-29984]} 1. Nf3 Nf6 2. d4 e6 3. e3 d5 4. Bd3 c5 5. b3 Nc6 6. a3 Bd6 7. Bb2 O-O 8. Nbd2 b6 9. O-O Bb7 {D05: Colle System with ...e6} 10. Qe2 cxd4 11. exd4 Rc8 12. Ne5 Ne7 13. f4 {[#] LiveBook: 9 Games} b5 $146 ({Predecessor:} 13... Rc7 14. Rf3 Ng6 15. Raf1 Qe7 16. b4 a5 17. bxa5 bxa5 {½-½ (45) Rotstein,A (2489)-Hera,I (2618) Llucmajor 2017}) 14. c3 a6 15. a4 (15. Rf3 $14) 15... b4 $11 16. c4 dxc4 17. bxc4 Bb8 18. Kh1 Ng6 19. Rad1 Re8 20. Bb1 Qe7 21. Kg1 Ba7 (21... Red8 $11) 22. Nb3 Qc7 23. c5 Nd5 24. Qd2 ({Better is} 24. Bxg6 $16 hxg6 25. Rd3) 24... f5 25. Rde1 Rcd8 26. Bd3 Bb8 27. Bc4 Nxe5 28. Rxe5 (28. fxe5 $14 Rf8 29. Qd3) 28... Qd7 $36 {[%mdl 2048] Black is more active.} 29. Re2 Qxa4 30. Ref2 (30. Ra1 $5 {[%cal Ra1a4]} Qd7 31. g3 $11) 30... Bc7 31. Qe2 (31. Ra1 $15 Qd7 32. Na5 Bxa5 33. Rxa5) 31... Qc6 32. Nc1 Nf6 33. Nd3 Ne4 (33... a5 $17 {Hoping for ...Ng4.} 34. Ne5 Qe4) 34. Rf3 ({White should try} 34. Nxb4 $15 Qa4 35. Nxa6 Bxa6 36. Bxa6) 34... a5 $17 35. Ne5 Bxe5 $1 36. fxe5 {White wants to play Rxf5.} g6 37. Bb5 {[#]} Qc7 $1 38. Bxe8 (38. c6 $17 Bxc6 39. Qc2) 38... Rxe8 $19 39. Ra1 Ra8 40. Qb5 Bd5 41. Rd3 {[#]} Qc6 $1 {[%cal Rc6b5]} 42. Qb6 Qxb6 43. cxb6 a4 44. Bc1 Ra6 45. h4 a3 46. Bxa3 bxa3 ({Don't go for} 46... Rxa3 $2 47. Rdxa3 bxa3 48. Rxa3 $18) 47. Rdxa3 Rxb6 48. Ra7 Rb7 49. Rxb7 Bxb7 50. Ra7 Bd5 51. Rc7 h5 52. Kh2 $2 (52. Kh1) 52... f4 53. Rc8+ Kg7 54. Rc7+ Kg8 $2 (54... Kh6 $19 {and Black stays clearly on top. ...Ng3 is the strong threat.} 55. Rf7 Ng3 56. Rxf4 Ne2) 55. Rc8+ $1 $17 Kg7 $2 {[%mdl 8192]} (55... Kh7 $17 56. Rf8 Nc3 57. Rxf4 Ne2) 56. Rc7+ $19 Kh6 57. Rf7 g5 58. hxg5+ Kxg5 59. Rg7+ Kf5 (59... Kh4 $142 60. Rf7 Kg4 61. Rg7+ Ng5) 60. Rf7+ Kg4 61. Rg7+ Ng5 62. Rg8 Kf5 (62... Be4 $142 63. Kh1 f3 64. gxf3+ Bxf3+ 65. Kg1 h4 66. Kh2 Be4 67. Kg1 h3 68. Kh2 Kf4 69. Rd8 Bf5 70. Rc8 Nf3+ 71. Kh1 Be4 72. Rg8 Nxd4+ 73. Kh2 Bf5 74. Kh1 Nc6 75. Kh2 Nxe5 76. Rf8 Nf3+ 77. Kh1 Nh4 78. Kh2 e5 79. Ra8 e4 80. Ra4 Nf3+ 81. Kh1 Nd2 82. Kg1 Be6 83. Ra7 e3 84. Re7 Bg4 85. Re8 Ne4 86. Kf1 h2 87. Kg2 Bf3+ 88. Kxh2 e2 89. Rf8+ Ke3 90. Rxf3+ Kxf3 91. Kh3 e1=Q 92. Kh2 Qg3+ 93. Kh1 Qg2#) 63. Rh8 Kg4 (63... f3 $19 64. gxf3 Nxf3+ 65. Kh3 Kg5 66. Rg8+ Kf4 67. Rf8+ Ke4) 64. Rg8 h4 65. Kg1 Kf5 (65... f3 $142 66. gxf3+ Bxf3) 66. Rh8 f3 67. gxf3 Nxf3+ 68. Kf2 Ke4 69. Rh5 Kxd4 70. Ke2 Ke4 71. Kf2 Kf4 72. Rh8 Kxe5 73. Ke3 Kf5 74. Rf8+ Kg4 75. Rg8+ Ng5 76. Kf2 h3 77. Kg1 Bg2 78. Kf2 Bd5 79. Kg1 $1 Kh4 {Black mates.} 80. Kh2 Nf3+ 81. Kh1 Ne5+ {Precision: White = 30%, Black = 47%.} 0-1

[Event "Elitserien Allsvenskan 2017-18"]
[Site "Lund"]
[Date "2017.10.21"]
[Round "2"]
[White "Cuenca Jimenez, Jose Fernando"]
[Black "Johansson, Jan"]
[Result "1-0"]
[WhiteElo "2490"]
[BlackElo "2337"]
[Annotator "TA"]
[PlyCount "135"]
[EventDate "2017.??.??"]
[EventCountry "SWE"]
[SourceTitle "playchess.com"]
[Source "ChessBase"]
[SourceQuality "1"]

{[%evp 26,135,33,14,29,18,35,0,0,0,0,0,0,0,0,0,0,0,9,0,35,-29,0,0,0,0,0,0,99,-56,23,26,29,0,0,0,0,0,21,0,0,0,0,-22,-8,-16,-17,-23,0,-6,0,0,20,29,219,219,214,218,682,667,860,1170,1206,380,380,381,374,350,725,423,632,629,502,543,338,0,0,0,0,0,0,0,0,0,14,0,0,0,0,0,0,0,0,0,0,0,0,0,0,0,0,0,0,0,0,0,0,0,0,0,29983,29984]} 1. Nf3 c5 2. c4 Nc6 3. d4 cxd4 4. Nxd4 g6 5. e4 Bg7 6. Be3 Nf6 7. Nc3 Ng4 8. Qxg4 Bxd4 9. Bxd4 Nxd4 10. O-O-O {B39: Sicilian: Maroczy Bind with 5...Bg7 and 7...Ng4} e5 11. Qg3 d6 12. f4 f6 13. h4 {[%cal Bh2h4,Bh4h5][%mdl 32]} Be6 14. h5 {LiveBook: 7 Games} g5 $1 (14... Kf7 15. Kb1 Rc8 16. Nd5 Bxd5 17. exd5 Nf5 {1-0 (32) Feller,S (2626)-Dobrov,V (2490) Nancy 2015}) 15. fxg5 fxg5 16. h6 (16. c5 $5) 16... Qf6 17. Kb1 O-O-O {[#]} 18. Ne2 $146 Nc6 19. Nc3 $1 Nd4 20. Nd5 Bxd5 21. exd5 Qf4 $36 {[%mdl 2048] Black has some pressure.} 22. Qd3 Rdf8 23. Be2 (23. Qa3 $14) 23... Qf2 24. Bg4+ Kb8 25. g3 Qf6 26. Qe4 Rf7 {[#]} (26... a6 $11) 27. Rd2 $2 (27. c5 $1 $16 {[%mdl 512]}) 27... Qg6 (27... Rhf8 $15) 28. Qxg6 $11 hxg6 29. b3 Kc7 30. Kb2 Kd8 31. Kc3 Rfh7 32. Rf2 Rxh6 33. Rxh6 Rxh6 {[%mdl 4096] Endgame KRB-KRN} 34. Rf7 {Strongly threatening Rd7+.} Rh2 35. Rd7+ Ke8 {Threatens to win with ...Rg2.} 36. Rxb7 a5 37. Bd7+ Kf8 38. Kd3 Rg2 39. c5 $1 {[%cal Rc5d6]} dxc5 $2 (39... Rxg3+ $11 {and Black stays safe.} 40. Kc4 dxc5) 40. d6 $18 Rxg3+ 41. Ke4 a4 $2 (41... g4 42. Kxe5 Rd3) 42. bxa4 c4 43. Kxe5 Rd3 44. Rc7 $2 (44. a5 {a6 is the strong threat.} g4 45. a6 Nf3+ 46. Kf4 Rd4+ 47. Kg3 Rxd6 48. a7) 44... Nf3+ 45. Ke6 g4 {Hoping for ...g3.} 46. Bc6 $1 g3 $2 (46... Ng5+ 47. Kf6 Nh7+ 48. Kxg6 Rxd6+ 49. Kxh7 g3) 47. Bxf3 {KRB-KR} Re3+ {[#]} (47... Rxf3 $142 48. Rxc4 g2) 48. Kd7 $1 Rxf3 49. Rxc4 {KR-KR} Kf7 50. Kc7 $2 (50. a5 $18) 50... g2 $11 51. Rg4 Rc3+ 52. Kd8 Rc2 53. a3 Ra2 54. d7 {White wants to play a5.} Rxa3 55. Rxg2 Rxa4 56. Kc7 Rc4+ $1 57. Kd6 {White threatens Rd2 and mate.} Rd4+ 58. Kc6 Kf6 59. Kc7 Rc4+ 60. Kd8 Rd4 61. Ke8 Re4+ 62. Kf8 Rd4 63. Rf2+ Ke5 ({Of course not} 63... Ke6 $6 64. Ke8 $16) 64. Ke7 g5 65. d8=Q Rxd8 66. Kxd8 g4 67. Ke7 g3 $2 {[%mdl 8192] [#]} (67... Ke4 $11) 68. Rf3 $1 {Precision: White = 61%, Black = 58%.} 1-0

[Event "Elitserien Allsvenskan 2017-18"]
[Site "Lund"]
[Date "2017.10.21"]
[Round "2"]
[White "Semcesen, Daniel"]
[Black "Ivanov, Sergey"]
[Result "1/2-1/2"]
[WhiteElo "2482"]
[BlackElo "2539"]
[Annotator "TA"]
[PlyCount "141"]
[EventDate "2017.??.??"]
[EventCountry "SWE"]
[SourceTitle "playchess.com"]
[Source "ChessBase"]
[SourceQuality "1"]

{[%evp 19,141,0,29,-18,-14,-26,-29,-29,-23,-33,-21,-19,-23,-25,-22,-41,0,0,0,0,0,-16,-14,-36,-41,-45,-58,-60,-58,-165,-165,-166,-168,-168,-165,-166,-170,-202,-177,-443,-223,-219,-219,-238,-230,-225,-200,-206,-152,-218,-213,-215,-183,-225,-182,-216,-113,-119,-86,-88,-89,-118,-85,-95,-8,-8,-8,-129,0,0,0,0,0,0,0,0,0,0,0,0,0,0,0,0,0,0,0,0,0,-2,0,0,0,0,0,0,0,0,0,0,0,0,0,0,0,0,0,0,0,0,0,0,0,0,0,0,0,0,0,0,0,0,0,0]} 1. d4 Nf6 2. c4 e6 3. Nf3 b6 4. a3 Ba6 5. Qc2 Bb7 6. Nc3 c5 7. dxc5 bxc5 8. Bf4 d6 9. e3 {E12: Queen's Indian: Unusual White 4th moves, 4 a3, 4 Nc3 Bb7 5 a3 and 4 Nc3 Bb7} (9. Rd1 Qb6 10. h3 Be7 11. e3 O-O 12. Be2 Rd8 13. O-O Nbd7 14. Rd2 Nf8 15. b4 cxb4 16. axb4 Bxf3 17. Bxf3 {½-½ (40) Riazantsev,A (2646)-Predke,A (2550) Kolomna 2016}) 9... Be7 10. Be2 O-O {LiveBook: 4 Games} 11. O-O {White has an edge.} Nh5 $146 ({Predecessor:} 11... Nbd7 12. Rfd1 Qb6 13. e4 Qc6 14. b4 Ng4 15. b5 Qc7 16. Qd3 Nde5 17. Nxe5 Nxe5 18. Bxe5 dxe5 {1-0 (34) Czebe,A (2280)-Almasi,Z (2340) Kobanya 1991}) 12. Bg3 Nxg3 13. hxg3 Nd7 14. Rfd1 Nf6 15. b4 Qc7 16. b5 Rfd8 17. a4 d5 18. a5 Rac8 19. Bf1 g6 20. Qb2 Ng4 21. b6 axb6 22. Qxb6 Qxb6 23. axb6 {[#]} d4 $1 {[%mdl 512]} 24. Nb5 (24. exd4 $15 cxd4 25. Na4) 24... dxe3 $19 25. fxe3 Rc6 ({Resist} 25... Nxe3 26. Rxd8+ Rxd8 27. Ra7 $11) 26. Rxd8+ Bxd8 27. Rd1 Bxb6 28. Ng5 Nxe3 29. Rd3 $2 (29. Rd7 {might work better.} Bc8 30. Rxf7) 29... Nxf1 (29... Nxc4 $142 30. Kh1 Ne5) 30. Kxf1 Ba6 31. Rd7 Bxb5 32. cxb5 {[%mdl 4096] Endgame KRB-KRN} Rc7 33. Ne4 Kf8 ({Not} 33... Rxd7 34. Nf6+ Kg7 35. Nxd7 $15) 34. Rd6 (34. Rxc7 $17 Bxc7 35. Nxc5) 34... Rb7 35. Rc6 Rb8 36. g4 h6 37. Ke2 Ke7 (37... Ba5 $19 38. Rxc5 Bb4) 38. Kd3 $17 f5 39. gxf5 gxf5 40. Nxc5 Bxc5 41. Rxc5 {KR-KR} Rg8 ({Better is} 41... Kf6 $17) 42. Rc2 $11 Kd6 43. Rb2 {[#]} (43. b6 $1 $11) 43... e5 (43... Rg3+ $1 $17 44. Kc4 Rg4+ 45. Kd3 Kc5) 44. Ke3 {The position is equal.} Rg3+ 45. Kf2 Rg7 46. b6 Kc6 47. Kf3 Rb7 48. Re2 Re7 49. Rb2 h5 50. g3 Rd7 51. Kg2 Rb7 52. Rf2 Rf7 53. Rb2 e4 54. Rb1 Rb7 55. Rf1 Rxb6 56. Rxf5 Rb2+ 57. Kf1 Rb5 58. Rf8 Kd5 59. Kf2 Kd4 {...Rb2+ is the strong threat.} 60. Rd8+ Rd5 61. Ra8 Rf5+ 62. Ke2 Rb5 {White must now prevent ...Rb2+.} 63. Rd8+ Ke5 {Threatens to win with ...Rb2+.} 64. Rh8 Kf6 65. Ke3 Re5 66. Rf8+ Kg5 {Hoping for ...Kg4.} 67. Rf4 Re7 68. Rh4 Re6 69. Rf4 Re8 70. Rh4 Ra8 71. Rxe4 {Precision: White = 57%, Black = 63%.} 1/2-1/2

[Event "Elitserien Allsvenskan 2017-18"]
[Site "Lund"]
[Date "2017.10.21"]
[Round "2"]
[White "Gdanski, Jacek"]
[Black "Hauge, Lars Oskar"]
[Result "0-1"]
[WhiteElo "2474"]
[BlackElo "2433"]
[Annotator "TA"]
[PlyCount "27"]
[EventDate "2017.??.??"]
[EventCountry "SWE"]
[SourceTitle "playchess.com"]
[Source "ChessBase"]
[SourceQuality "1"]

{[%evp 10,11,29,18]} 1. e4 c5 2. Nc3 a6 3. g3 b5 4. Bg2 Bb7 5. Nge2 e6 6. O-O {[%mdl 32768] Sensor Board Error (Ke4/e5)?} {Predecessor:} Nc6 $146 7. d4 cxd4 8. Nxd4 Nge7 9. Bf4 Ng6 10. Be3 Nge5 11. Nxc6 Bxc6 12. Bd4 Ng6 13. Re1 f6 14. Nd5 {0-1 (54) Jovanovic,Z (2534)-Vitiugov,N (2726) Tallinn 2016} 0-1

[Event "Elitserien Allsvenskan 2017-18"]
[Site "Lund"]
[Date "2017.10.21"]
[Round "2"]
[White "Johansson, Linus"]
[Black "Neiksans, Arturs"]
[Result "1/2-1/2"]
[WhiteElo "2468"]
[BlackElo "2584"]
[Annotator "TA"]
[PlyCount "37"]
[EventDate "2017.??.??"]
[EventCountry "SWE"]
[SourceTitle "playchess.com"]
[Source "ChessBase"]
[SourceQuality "1"]

{[%evp 24,37,6,0,6,0,0,0,0,0,7,11,0,2,0,-9]} 1. d4 Nf6 2. c4 e6 3. Nc3 Bb4 4. e3 O-O 5. Bd3 d5 6. Nf3 b6 7. O-O Bb7 8. cxd5 exd5 9. a3 Bd6 10. b4 a6 11. Qb3 Qe7 12. Re1 {E52: Nimzo-Indian: Rubinstein: 4...0-0 5 Nf3 d5 6 Bd3 b6} Nbd7 13. Ra2 {[%cal Ba1a2,Ba2e2,Be2e4][%mdl 32] LiveBook: 6 Games. The position is equal.} b5 14. Rae2 Nb6 15. e4 dxe4 16. Nxe4 Nxe4 17. Bxe4 Bxe4 18. Rxe4 Qd7 {[#]} 19. Qd3 $146 ({Predecessor:} 19. Ne5 Bxe5 20. dxe5 {½-½ (38) Bacrot,E (2694)-Cornette,M (2586) Saint-Quentin 2015}) 1/2-1/2

[Event "Elitserien Allsvenskan 2017-18"]
[Site "Lund"]
[Date "2017.10.21"]
[Round "2"]
[White "Karlsson, Lars"]
[Black "Lindgren, Philip"]
[Result "1-0"]
[WhiteElo "2448"]
[BlackElo "2380"]
[Annotator "TA"]
[PlyCount "19"]
[EventDate "2017.??.??"]
[EventCountry "SWE"]
[SourceTitle "playchess.com"]
[Source "ChessBase"]
[SourceQuality "1"]

{[%evp 11,19,0,0,-17,0,0,0,4,4,0]} 1. b3 d5 2. Bb2 Bg4 3. f3 Bf5 4. f4 e6 5. Nf3 h6 6. e3 Nf6 {LiveBook: 8 Games. The position is equal.} 7. Nc3 {[%cal Bb1c3,Bc3e2,Be2g3][%mdl 32] A03: Bird's Opening with 1...d5} a6 (7... Be7 8. d3 c5 9. h3 Nc6 10. g4 Bh7 11. Bg2 d4 12. exd4 cxd4 13. Ne2 Bb4+ 14. Kf2 Bc5 {0-1 (40) Jobava,B (2702)-Wojtaszek,R (2749) Doha 2016}) 8. Ne2 $146 ({Predecessor:} 8. Bd3 Bxd3 9. cxd3 Bd6 10. Rc1 Nbd7 11. Ne2 O-O 12. h3 {1-0 (26) Aasum,A-Kondratiev,P Norway 1980}) 8... c5 9. Ng3 Bh7 10. Ne5 {[%mdl 32768] Loss on Time!?} 1-0

[Event "Elitserien Allsvenskan 2017-18"]
[Site "Lund"]
[Date "2017.10.21"]
[Round "2"]
[White "Antonsen, Mikkel"]
[Black "Malm Lindberg, Henrik"]
[Result "1/2-1/2"]
[WhiteElo "2445"]
[BlackElo "2229"]
[Annotator "TA"]
[PlyCount "107"]
[EventDate "2017.??.??"]
[EventCountry "SWE"]
[SourceTitle "playchess.com"]
[Source "ChessBase"]
[SourceQuality "1"]

{[%evp 18,107,10,0,8,0,21,0,0,0,0,0,0,0,33,0,19,21,12,16,0,0,55,41,33,23,35,29,72,25,49,31,31,20,35,10,11,10,9,7,47,16,16,14,9,12,23,23,23,23,22,24,23,24,24,24,24,-8,0,0,0,0,0,-7,0,0,0,0,0,0,0,0,0,0,0,0,0,0,0,0,0,0,0,0,0,0,0,0,0,0,0,0]} 1. d4 Nf6 2. c4 e6 3. Nc3 Bb4 4. Nf3 b6 5. Qc2 Bb7 6. a3 Bxc3+ 7. Qxc3 d6 8. g3 {E21: Nimzo-Indian: 4 Nf3} (8. Bg5 Nbd7 9. e3 O-O 10. Nd2 c5 11. dxc5 bxc5 12. Bd3 h6 13. Bh4 a5 14. O-O Qb6 15. e4 d5 16. cxd5 exd5 17. Rfe1 dxe4 18. Nxe4 Nxe4 19. Bxe4 Bxe4 20. Rxe4 {½-½ (51) Mamedyarov,S (2736)-Korobov,A (2700) Skopje 2015}) 8... Nbd7 9. Bg2 c5 10. O-O {LiveBook: 8 Games} Qc7 11. dxc5 $146 ({Predecessor:} 11. b3 Rc8 12. Bb2 O-O 13. Rfd1 a6 14. Qe3 cxd4 15. Qxd4 {½-½ (50) Arnold,M (2435)-Shen,V (2269) Philadelphia 2011}) 11... Nxc5 12. b3 {[%cal Bb2b3,Bb3b4][%mdl 32]} O-O 13. Bb2 Rac8 14. Rac1 Qe7 15. Ba1 Ne8 16. Rfd1 f5 17. b4 Ne4 18. Qb3 Kh8 19. Nd2 N8f6 ({Better is} 19... Nxd2 $11 20. Rxd2 Bxg2 21. Kxg2 f4) 20. Nxe4 Nxe4 21. Qd3 {aiming for f3.} Rcd8 22. f3 Nf6 23. Bd4 Kg8 24. Bf2 Rd7 25. a4 Rc8 26. b5 d5 27. cxd5 Rxc1 28. Rxc1 Nxd5 29. Qb3 Rc7 30. Rc4 Rxc4 31. Qxc4 Qc7 32. Qxc7 Nxc7 $11 {[%mdl 4096] Endgame KBB-KBN} 33. Bd4 Bd5 34. Be5 Ne8 35. e4 fxe4 36. fxe4 Bb3 37. Bf1 Bxa4 {The position is equal.} 38. Bb8 Nf6 39. e5 Nd7 40. Bd6 Kf7 41. Kf2 Bb3 42. Ke3 Bd5 43. h4 g6 44. Kf4 Kg7 45. g4 h6 46. Be2 Kf7 47. g5 h5 48. Ke3 Kg7 49. Kd4 Kf7 50. Bd3 Kg7 51. Bc2 Kf7 52. Bd3 Kg7 53. Bc2 Kf7 54. Bd3 {Precision: White = 68%, Black = 52%.} 1/2-1/2

[Event "Elitserien Allsvenskan 2017-18"]
[Site "Lund"]
[Date "2017.10.21"]
[Round "2"]
[White "Seo, Jung Min"]
[Black "Rothen, Hakan"]
[Result "1-0"]
[WhiteElo "2435"]
[BlackElo "2264"]
[Annotator "TA"]
[PlyCount "42"]
[EventDate "2017.??.??"]
[EventCountry "SWE"]
[SourceTitle "playchess.com"]
[Source "ChessBase"]
[SourceQuality "1"]

{[%evp 18,20,7,0,0]} 1. d4 Nf6 2. c4 e6 3. Nf3 Bb4+ 4. Nbd2 O-O 5. a3 Bxd2+ 6. Bxd2 b6 7. g3 Bb7 8. Bg2 d6 9. O-O Nbd7 10. b4 Re8 {[%mdl 32768] Loss on Time!? E16: Queen's Indian: 4 g3 Bb7 5 Bg2 Bb4+} (10... Qe7 11. Qb3 e5 12. d5 c6 13. dxc6 Bxc6 14. Bg5 h6 15. Bxf6 Nxf6 16. Rfd1 Rfd8 17. Nh4 Rac8 18. Nf5 Qe6 19. Ne3 Bxg2 20. Kxg2 b5 21. Rac1 Rc6 22. Rc2 Rdc8 {½-½ (22) Kunin,V (2589)-Lalith,B (2537) Bad Zwischenahn 2015}) {Predecessor:} 11. Bc3 $146 c5 12. e3 Qc7 13. Rc1 cxb4 14. Bxb4 Rac8 15. a4 Be4 16. Bh3 Bb7 17. Nd2 Nb8 18. Re1 Na6 19. Ba3 Qd7 20. Bb2 d5 21. Bf1 Nb8 {½-½ (21) Blau,D (2426)-Goncharov,I (2383) ICCF email 2001} 1-0

[Event "Elitserien Allsvenskan 2017-18"]
[Site "Lund"]
[Date "2017.10.21"]
[Round "2"]
[White "Von Bahr, Oskar"]
[Black "Livner, Anders"]
[Result "1-0"]
[WhiteElo "2431"]
[BlackElo "2364"]
[Annotator "TA"]
[PlyCount "79"]
[EventDate "2017.??.??"]
[EventCountry "SWE"]
[SourceTitle "playchess.com"]
[Source "ChessBase"]
[SourceQuality "1"]

{[%evp 14,79,8,14,10,-10,-10,-16,6,6,6,0,4,1,9,9,10,-10,20,20,19,21,20,18,19,17,17,21,16,13,24,31,39,37,40,32,39,39,40,40,40,40,41,22,22,22,22,22,22,22,25,18,89,83,107,107,106,104,191,193,354,356,352,347,346,346,337,326]} 1. c4 c6 2. Nf3 d5 3. g3 Bg4 4. Bg2 e6 5. b3 Nd7 6. Bb2 Ngf6 7. h3 {A12: English Opening: 1...c6 with b3 by White} (7. O-O h6 8. Nc3 Bd6 9. d3 O-O 10. Rc1 Qe7 11. Qc2 a6 12. Qb1 Rad8 13. cxd5 cxd5 14. e4 dxe4 15. dxe4 Bxf3 16. Bxf3 {½-½ (84) Jumabayev,R (2606)-Bruzon Batista,L (2659) Berlin 2015}) 7... Bxf3 8. Bxf3 {LiveBook: 4 Games} Bd6 9. cxd5 $146 {The position is equal.} ({Predecessor:} 9. Bg2 O-O 10. O-O Qe7 11. d3 Rfd8 12. Nd2 Ba3 13. Qc1 Bxb2 14. Qxb2 a5 {½-½ (29) Stohl,I (2551)-Schandorff,L (2534) Germany 2006}) 9... cxd5 10. Nc3 Ne5 11. Bg2 Nc6 12. d4 Rc8 13. O-O O-O 14. e3 a6 15. Na4 Nd7 16. Rc1 Qe7 17. e4 dxe4 18. Bxe4 Nf6 19. Bxc6 Rxc6 20. Rxc6 bxc6 21. Qe2 Qa7 22. Rc1 Rc8 23. Nc5 a5 24. Ne4 Nxe4 25. Qxe4 Qa6 26. Rc4 Qb5 27. Bc3 h6 28. Qe1 Ra8 29. Ra4 Bc7 30. Qe4 Rd8 31. Rc4 Rd5 32. Qc2 Bd6 (32... Rd6 $11) 33. Bb2 $16 g6 34. Rxc6 Kh7 35. Qc4 {[#] Qxb5 is the strong threat.} Bf8 (35... Qb4 $16) 36. Rc7 $18 Kg8 $2 (36... Qe8 {was necessary.} 37. Bc3 Bg7) 37. Qxb5 Rxb5 38. Rc8 Kg7 39. d5+ $1 e5 40. Bxe5+ {Precision: White = 72%, Black = 51%.} 1-0

[Event "Elitserien Allsvenskan 2017-18"]
[Site "Lund"]
[Date "2017.10.21"]
[Round "2"]
[White "Barkhagen, Jonas"]
[Black "Penalver, Osmani"]
[Result "1-0"]
[WhiteElo "2421"]
[BlackElo "2240"]
[Annotator "TA"]
[PlyCount "69"]
[EventDate "2017.??.??"]
[EventCountry "SWE"]
[SourceTitle "playchess.com"]
[Source "ChessBase"]
[SourceQuality "1"]

{[%evp 16,69,39,35,45,34,44,40,43,41,36,28,83,93,115,31,29,29,28,16,62,60,37,30,498,485,486,476,869,868,990,166,166,170,175,180,176,166,209,228,218,218,221,204,327,334,335,328,762,767,29991,29990,29996,29979,29992,29993]} 1. d4 Nf6 2. c4 e6 3. Nf3 b6 4. e3 Bb7 5. Bd3 c5 6. Nc3 cxd4 7. exd4 d5 {E14: Queen's Indian: Classical Variation (4 e3)} (7... d6 8. O-O Be7 9. a3 O-O 10. b4 Nbd7 11. h3 Re8 12. Re1 Bf8 13. Bf4 a6 14. Bh2 Rc8 15. Rc1 g6 16. Bf1 Nh5 17. Nd2 Ng7 18. g4 f5 19. Bg2 Bxg2 20. Kxg2 Nf6 21. Qe2 Ra8 22. Qd1 {½-½ (22) Matlakov,M (2676)-Makarov,M (2512) St Petersburg 2013}) 8. cxd5 Nxd5 9. Ne5 {LiveBook: 5 Games. Strongly threatening Bb5+.} Bd6 {White is slightly better.} 10. Bb5+ Kf8 11. O-O Nxc3 12. bxc3 $40 {[%mdl 128] White is up to no good.} Qc7 $146 ({Predecessor:} 12... a6 13. Ba4 Qc7 14. c4 Nc6 15. Nxc6 Bxc6 16. Bxc6 Qxc6 {1-0 (24) Gagarin,V (2321)-Peteiro Osta,L (1914) San Sebastian 2013}) 13. Qh5 a6 (13... Kg8 $11 {keeps the balance.}) 14. Be2 $16 Nc6 {[%cal Rc6e5] [#]} 15. f4 (15. Nc4 $1 $16) 15... Kg8 $14 16. Bd2 g6 17. Qh3 Kg7 18. Rae1 h5 19. Bd3 Ne7 $2 {[%mdl 8192] [#]} (19... Raf8 $11) 20. Nxf7 $1 $18 {[%mdl 512]} Kxf7 21. Qxe6+ Kg7 {[#]} (21... Ke8 $142 22. f5 (22. Bxg6+ Kd8 $16) 22... gxf5) 22. f5 $1 {[%cal Rf5f6] Threatening mate with f6+.} gxf5 {[#]} 23. Bf4 $1 {[%mdl 512]} Bxf4 ({Don't blunder} 23... Qc6 $2 24. Be4 $18) 24. Qxe7+ Qxe7 25. Rxe7+ Kf6 26. Rxb7 Be3+ 27. Kh1 f4 28. Rxb6+ Ke7 29. Rb7+ Kd8 (29... Kf6 $142 30. Rb6+ Ke7) 30. Rfb1 Re8 31. Rh7 {Black must now prevent Rbb7.} Bd2 $2 (31... Re7 32. Rh8+ Re8) 32. Bg6 Rg8 33. Rbb7 {White mates.} a5 34. Rhd7+ Kc8 35. Bf5 {Precision: White = 71%, Black = 40%.} 1-0

[Event "Elitserien Allsvenskan 2017-18"]
[Site "Lund"]
[Date "2017.10.21"]
[Round "2"]
[White "Jepson, Christian"]
[Black "Blomqvist, Erik"]
[Result "1-0"]
[WhiteElo "2417"]
[BlackElo "2511"]
[Annotator "TA"]
[PlyCount "19"]
[EventDate "2017.??.??"]
[EventCountry "SWE"]
[SourceTitle "playchess.com"]
[Source "ChessBase"]
[SourceQuality "1"]

{[%evp 15,19,0,17,-22,-18,-23]} 1. c4 e6 2. d4 Nf6 3. Nc3 Bb4 4. e3 c5 5. Bd3 Nc6 6. Nf3 Bxc3+ 7. bxc3 d6 8. Qc2 e5 {LiveBook: 8 Games. E41: Nimzo-Indian: Rubinstein: 4...c5 5 Bd3, including Hübner Variation} 9. dxc5 (9. O-O O-O 10. dxc5 dxc5 11. Ng5 h6 12. Ne4 Nxe4 13. Bxe4 Be6 14. Rd1 Qc7 15. Bd5 Na5 16. Rb1 Rad8 17. e4 b6 18. Qa4 {½-½ (18) Van Wely,L (2636)-Stohl,I (2561) Germany 1999}) 9... dxc5 10. Nd2 $146 {[%mdl 32768] Loss on Time!?} ({Predecessor:} 10. Ng5 Qe7 11. O-O b6 12. Ne4 Bb7 13. Nxf6+ Qxf6 14. Be4 O-O-O 15. Bd5 Na5 16. e4 {½-½ (33) Podkriznik,G (2386)-Navinsek,T (2292) Rogaska Slatina 2009}) 1-0